01190 a2200193 45000010006000000050017000060080041000230030015000640400040000790800052001192450058001710200018002292640044002473000019002915050549003100410008008591000030008678560099008975712320260407155834.0260407a1995 arg spa dAR-UNSa-BCEJYS aAR-UNSa-BCEJYSbspacAR-UNSa-BCEJYS a342xDerecho constitucional (Derecho Público)10aDecretos de necesidad y urgenciaplímites y control a950-14-0811-6 1aBuenos Aires :bEdiciones Depalmac1995 a307 p.c23 cm. a1. Conceptos generales acerca de la normativa de necesidad y urgencia – 2. Crisis del principio de división de poderes – 3. Estado de emergencia jurídico-político – 4. El supuesto factico – 5. Consecuencias de admitir el estado de necesidad como fundamento de legitimidad del decreto de necesidad y urgencia – 6. Límites de los decretos de necesidad y urgencia – 7. El control de los decretos de necesidad y urgencia – 8. Control político por el poder legislativo – 9. El control por los jueces – 10.control popular  aspa1 aPérez Hualde, Alejandro41uhttps://www.biblioeco.unsa.edu.ar/pmb/images/libros/L128701.jpgyImagen de portadaqimage/jpeg